| 000 | 00574nam a2200169 4500 | ||
|---|---|---|---|
| 008 | 150928b xxu||||| |||| 00| 0 eng d | ||
| 020 | _a9780393934090 | ||
| 050 | _aE 178.1 .T55 2009 | ||
| 100 |
_aTindall, George Brown. _d2009. |
||
| 245 |
_aAmerica: _bA narrative history. _cGeorge Brown Tindsall; David Emory Shi. |
||
| 250 | _a8th ed. | ||
| 260 |
_aNew York; _bW. W. Norton & company, _c2009. |
||
| 300 |
_axx, 551[203] p. : ill. _bIncludes index. |
||
| 650 | _aAmerica history. | ||
| 700 | _aShi, David Emory. | ||
| 942 |
_2lcc _cBOOKS _hE 178.1 .T55 2009 |
||
| 999 |
_c6612 _d6612 |
||